01740nab a22002537a 4500003000400000005001700004008004100021040000700062100002700069245010900096260007300205300001500278500007000293505062000363505011700983505008901100650002901189650002801218650002501246650002501271650002701296700003101323773013201354OSt20251226214439.0190603e xxum|||| |||| 00| 0 spa d cPJ aCafferata, Juan Manuel10aAlgunas reflexiones sobre los animales y los vicios ocultos en el Cód. Civ. y Com. /cJuan Cafferata.  cCiudad Autónoma de Buenos Aires :aThomson Reuters La Ley, b2025. ap. 212-226 aCita: TR LALEY AR/DOC/430/2025 Publicado en: RCCyC 2025 (junio). a Sumario: I. Cuestiones a tratar.— II. Hechos.— III. La sentencia de primera instancia.— IV. La apelación.— V. La resolución de Cámara.— VI. La aplicación del régimen de defensa del consumidor.— VII. Los defectos y la garantía de reparación de cosas muebles no consumibles.— VIII. El art. 18 de la ley 24.240.— IX. El profesional frente a la responsabilidad por vicios en el Cód. Civ. y Com. Consecuencias.— X. La existencia del vicio al tiempo de la adquisición. Carga de la prueba.— XI. Las acciones derivadas de los vicios.— XII. La naturaleza jurídica de los animales.  aFallo comentado: CNCiv., sala E ~ 11/09/2024 ~ C. R., A. L. D. L. P. c. H, L. A. y otro s/daños y perjuicios. t¿Te interesa el texto completo? Solicitalo al correo: koha@justierradelfuego.gov.ar 0aCODIGO CIVIL Y COMERCIAL 0aDERECHOS DEL CONSUMIDOR 0aDAÑOS Y PERJUICIOS 0aVICIOS REDHIBITORIOS 0aDEFENSA DEL CONSUMIDOR aPeralta Mariscal, Facundo 0 02713dCiudad Autónoma de Buenos Aires : Thomson Reuters La Ley, 2015-tRevista Código Civil y Comercial. Nº 3 - Junio 2025